Estatísticas para Cultura Geral

Clique aqui para jogar o quiz

Estatísticas Gerais

  • Esse quiz foi jogado 23 vezes
  • A pontuação média é 7 de 15

Estatísticas das Respostas

HintResposta% Correto
O que significa a palavra espanhola cerveza?Cerveja
100%
A que país pertence a Netflix?Estados Unidos
91%
Em que país nasceu Pique?Espanha
86%
Qual é a capital do Japão?Tóquio
77%
O que um polvo pulveriza quando ameaçado?Tinta
73%
Qual país da África tem a maior população?Nigéria
64%
Qual é a primeira língua mais falada na África?Árabe
55%
Em que estado dos EUA fica a sede da Starbucks?Washington
50%
Em que estado dos EUA fica a sede da Ford?Michigan
41%
Em que Estado dos EUA fica Albuquerque?Novo México
27%
Qual é a capital nacional mais ocidental da África continental?Dacar
18%
Em qual estado dos EUA você encontraria Cape Cod?Massachusetts
18%
Que estado dos EUA é chamado de "Big Sky Country"?Montana
14%
Qual era a profissão da mulher do atual rei de Espanha antes de ser rainha?Jornalista
9%
Quem é a mulher do atual rei de Espanha?Letizia
5%

Distribuição das Pontuações

Percentil de Números Respondidos

Porcentagem de Pessoas com Cada Pontuação

Sua Pontuação Histórica

Você não jogou esse quiz